000 00649nam a22002052 4500
001 0000008543
005 20151217152036.0
008 080423s xx 000 0 eng d
020 _a8120328663 :
_cKES 1360
040 _aKABU
_cKABU
100 1 _aPramanik, Ashutosh.
_@0000159182
245 1 0 _aElectromagnetism :
_bproblems with solutions /
_cAshutosh Pramanik.
260 _aNew Delhi :
_bPrentice-Hall of India,
_c2006.
300 _aviii, 692 p.
650 0 _aElectromagnetism.
_@0000153933
908 _a080423
950 _@1
999 _c7628
_d7628